| 000 | 00585nam a22002177a 4500 | ||
|---|---|---|---|
| 005 | 20220610113239.0 | ||
| 008 | 220610b ||||| |||| 00| 0 eng d | ||
| 040 | _cAL | ||
| 041 | _aEnglish | ||
| 082 |
_223 _a305.609492 _bGUHW |
||
| 100 |
_aSamar Guha _941699 |
||
| 245 | _aWhither Minorities of Eastern Pakistan | ||
| 260 | _aCalcutta | ||
| 300 |
_a68 p. _bPB _c22x14 cm. |
||
| 650 |
_aMinorities _941700 |
||
| 650 |
_aBangladesh _941701 |
||
| 650 |
_aPolitics and government _941702 |
||
| 650 |
_aEthnic relations _941703 |
||
| 700 |
_aGUHA (Samar) _941704 |
||
| 942 |
_2ddc _cGF |
||
| 999 |
_c223331 _d223331 |
||